Science and math education : hearings before the Committee on the Budget, United States Senate, Ninety-eighth Congress, first session, Albuquerque, N. Mex., February 7, 1983, Las Cruces, N. Mex., February 11, 1983.

Bibliographic Details
Corporate Authors: United States. Congress. Senate. Committee on the Budget, ProQuest (Firm)
Format: Government Document eBook
Language:English
Published: Washington : U.S. G.P.O., 1983.
Series:U.S. Congressional Hearings.
Subjects:
Online Access:Connect to the full text of this electronic book

MARC

Tag First Indicator Second Indicator Subfields
LEADER 00000cam a22000001a 4500
001 in00003219082
006 m d f
007 cr bn mmmapmmp
008 091015s1983 dcua ob f000 0 eng d
005 20260504145241.1
035 |a cis2007446643 
040 |a UMI  |c UMI  |d UtOrBLW 
043 |a n-us--- 
074 |a 1035-A-1, 1035-A-2 (microfiche) 
086 0 |a Y 4.B 85/2:S.hrg.98-133 
099 |a HRG-1983-BGS-0001 
110 1 |a United States.  |b Congress.  |b Senate.  |b Committee on the Budget. 
245 1 0 |a Science and math education :  |b hearings before the Committee on the Budget, United States Senate, Ninety-eighth Congress, first session, Albuquerque, N. Mex., February 7, 1983, Las Cruces, N. Mex., February 11, 1983. 
264 1 |a Washington :  |b U.S. G.P.O.,  |c 1983. 
300 |a 1 online resource. 
336 |a text  |b txt  |2 rdacontent 
337 |a computer  |b c  |2 rdamedia 
338 |a online resource  |b cr  |2 rdacarrier 
490 1 |a S. hrg. ;  |v 98-133 
500 |a Record is based on bibliographic data in ProQuest Congressional Hearings Digital Collection. Reuse except for individual research requires license from ProQuest, LLC. 
504 |a Bibliography: page 249. 
538 |a System requirements: PDF reader software. 
500 |a Electronic resource. 
650 0 |a Science  |x Study and teaching  |z United States. 
650 0 |a Mathematics  |x Study and teaching  |z United States. 
655 7 |a Electronic books.  |2 local 
710 2 |a ProQuest (Firm) 
776 0 8 |i Print version:  |a United States. Congress. Senate. Committee on the Budget.  |t Science and math education  |w (OCoLC)09840631  |w gp 83023164 
776 0 8 |i Microfiche version:  |a United States. Congress. Senate. Committee on the Budget.  |t Science and math education.  |d [Bethesda, Md.] : ProQuest,[2004]  |o CIS 83 S251-6  |w (ProQuest)cis08302045 
810 1 |a United States.  |b Congress.  |b Senate.  |t S. hrg. ;  |v 98-133. 
830 0 |a U.S. Congressional Hearings. 
856 4 0 |u http://proxy.library.tamu.edu/login?url=https://congressional.proquest.com/congcomp/getdoc?HEARING-ID=HRG-1983-BGS-0001  |z Connect to the full text of this electronic book  |t 0 
998 |a cis08302045 
999 |a MARS 
999 f f |s 779a5ea4-8987-3b0b-a254-0d81fffb4e7a  |i 0a5f2357-b3ba-341d-95ae-0bafad3883b2  |t 0 
952 f f |a Texas A&M University  |b College Station  |c Electronic Resources  |s www_evans  |d Available Online  |t 0  |e HRG-1983-BGS-0001  |h Other scheme 
998 f f |a HRG-1983-BGS-0001  |t 0  |l Available Online